عرض عادي
عرض مارك
- Elewa, Abdelhamid.
مدخل إسم شخص
001 - رقم الضبط
- حقل الضبط: 114340
003 - معرف رقم الضبط
- حقل الضبط: OSt
005 - تاريخ ووقت أخر عملية
- حقل الضبط: 20221214132026.0
008 - عناصر بيانات ثابتة الطول
- حقل تحكم ثابت الطول: 221214|| aca||aabn | a|a d
040 ## - مصدر الفهرسة
- هيئة الفهرسة الأصلية: OSt
- وكالة الكتابة: OSt
100 ## - مدخل -- أسم شخص
- إسم شخص: Elewa, Abdelhamid.
670 ## - بيانات المصدر موجوده
- الاستشهاد بالمصدر: Work cat.: (OSt): Elewa, Abdelhamid. author., Levels of translation /
